Politar andorrà / Antoni Puig ; transcripció, introduccions i notes, Lídia Armengol, Manuel Mas, Antoni Morell ; pròleg de Marc Vila i Riba
Descripción Física:
XXXII, 346 p., [2] f. ; 22 cm
Materias:
Andorra -- Història
MARC
| LEADER | 00000nam a2200000Ia 4500 | ||
|---|---|---|---|
| 001 | 1195 | ||
| 003 | BGR | ||
| 005 | 20260324175345.0 | ||
| 008 | 160829s1983 xx 000 0 cat d | ||
| 080 | |a H-1-144 | ||
| 100 | |a Puig, Antoni |9 28904 | ||
| 245 | |a Politar andorrà / Antoni Puig ; transcripció, introduccions i notes, Lídia Armengol, Manuel Mas, Antoni Morell ; pròleg de Marc Vila i Riba | ||
| 260 | |a Andorra : |b Conselleria d'Educació i Cultura, |c 1983 | ||
| 300 | |a XXXII, 346 p., [2] f. ; |c 22 cm | ||
| 650 | |a Andorra |x Història |9 28905 | ||
| 700 | |a Armengol Vila, Lídia |9 28906 | ||
| 700 | |a Mas, Manuel |9 28907 | ||
| 700 | |a Morell, Antoni I |9 28908 | ||
| 700 | |a Vila i Riba, Marc, pr. |9 28909 | ||
| 710 | 1 | |9 70319 |a Andorra |b Conselleria d'Educació i Cultura | |
| 901 | |a Arxiu | ||
| 942 | |n 1 |2 udc |c MON | ||
| 952 | |0 0 |1 0 |4 0 |6 H1144 |7 1 |9 44971 |a Arxiu |b Arxiu |d 2016-12-01 |l 0 |o H-1-144 |p 1195 |r 2016-12-01 00:00:00 |w 2016-12-01 |y ARXIU | ||
| 999 | |c 47570 |d 47570 | ||